Ancaman jenayah dan keselamatan / (Record no. 2228)

000 -LEADER
fixed length control field nam a22 a 4500
003 - CONTROL NUMBER IDENTIFIER
control field AKMAL
005 - DATE AND TIME OF LATEST TRANSACTION
control field 20170515160148.0
008 - FIXED-LENGTH DATA ELEMENTS--GENERAL INFORMATION
fixed length control field 170515s2006 my a j | 000 0 may d
020 ## - INTERNATIONAL STANDARD BOOK NUMBER
International Standard Book Number 9679489043 (set) :
Terms of availability RM480.00
020 ## - INTERNATIONAL STANDARD BOOK NUMBER
International Standard Book Number 9679489094 (kkrs.) :
Terms of availability RM60.00
040 ## - CATALOGING SOURCE
Original cataloging agency AKMAL
Transcribing agency AKMAL
082 04 - DEWEY DECIMAL CLASSIFICATION NUMBER
Classification number 364.09595 AZL
Edition number 22
090 00 - LOCALLY ASSIGNED LC-TYPE CALL NUMBER (OCLC); LOCAL CALL NUMBER (RLIN)
Classification number (OCLC) (R) ; Classification number, CALL (RLIN) (NR) 364.09595
Local cutter number (OCLC) ; Book number/undivided call number, CALL (RLIN) AZL
100 0# - MAIN ENTRY--PERSONAL NAME
Personal name Azlela Hanafee
9 (RLIN) 4685
245 10 - TITLE STATEMENT
Title Ancaman jenayah dan keselamatan /
Statement of responsibility, etc. Azlela Hanafee
260 ## - PUBLICATION, DISTRIBUTION, ETC.
Place of publication, distribution, etc. Melaka :
Name of publisher, distributor, etc. Associated Educational Distributors (M),
Date of publication, distribution, etc. 2006
300 ## - PHYSICAL DESCRIPTION
Extent 42ms. :
Other physical details il. wrn. ;
Dimensions 29cm.
440 #0 - SERIES STATEMENT/ADDED ENTRY--TITLE
Title Siri kenegaraan dan patriotisme
9 (RLIN) 521
500 ## - GENERAL NOTE
General note Mengandungi soalan
650 10 - SUBJECT ADDED ENTRY--TOPICAL TERM
Topical term or geographic name entry element Malay language
Form subdivision Readers
9 (RLIN) 4686
942 ## - ADDED ENTRY ELEMENTS (KOHA)
Source of classification or shelving scheme
Koha item type Book
Holdings
Withdrawn status Lost status Source of classification or shelving scheme Damaged status Not for loan Collection code Home library Current library Shelving location Date acquired Inventory number Total Checkouts Full call number Barcode Date last seen Price effective from Koha item type
          NON-FICTION AKMAL Melaka AKMAL Melaka PINJAMAN 15.05.2017 304935   364.09595 AZL 201706360 15.05.2017 15.05.2017 Book
Pusat Sumber Maklumat Dato' Haji Sarmin Md Hussin, Akademi Kastam Diraja Malaysia, Melaka
Tel: 06-2331106 | Faks: 06-2313787